MARC details
| 000 -LEADER |
| campo de control de longitud fija |
01691nmc a2200481 a 4500 |
| 003 - IDENTIFICADOR DE NÚMERO DE CONTROL |
| campo de control |
AR-X00000XY |
| 005 - FECHA Y HORA DE LA ÚLTIMA TRANSACCIÓN |
| campo de control |
20251128211934.0 |
| 008 - DATOS DE LONGITUD FIJA--INFORMACIÓN GENERAL |
| campo de control de longitud fija |
047020s2004 ||||||||||||||000 | spa|| |
| 020 ## - NÚMERO INTERNACIONAL ESTÁNDAR DEL LIBRO |
| Número Internacional Estándar del Libro |
987-963-24-1-9 |
| 040 ## - FUENTE DE CATALOGACIÓN |
| Centro/agencia transcriptor |
AR-X00000XY |
| 245 10 - MENCIÓN DEL TÍTULO |
| Título |
Antología de cuento y poesía |
| Resto del título |
concursos participativos : 2001-2002 |
| 250 ## - MENCION DE EDICION |
| Mención de edición |
1ª ed. |
| 260 ## - PUBLICACIÓN, DISTRIBUCIÓN, ETC. |
| Lugar de publicación, distribución, etc. |
Buenos Aires |
| Nombre del editor, distribuidor, etc. |
UPCN |
| Fecha de publicación, distribución, etc. |
2004 |
| 300 0# - DESCRIPCIÓN FÍSICA |
| Extensión |
114 p. |
| 490 #0 - MENCIÓN DE SERIE |
| Mención de serie |
UPCN en las letras |
| 500 0# - NOTA GENERAL |
| Nota general |
Antología de los concursos participativos 2001 y 2002 |
| 505 ## - NOTA DE CONTENIDO CON FORMATO |
| Título |
Rabanito (historia secreta de un chico de la calle) |
| Mención de responsabilidad |
Martínez Llobet, Alberto |
| 505 ## - NOTA DE CONTENIDO CON FORMATO |
| Título |
Hendijas |
| Mención de responsabilidad |
Sartori, Daniel |
| 505 ## - NOTA DE CONTENIDO CON FORMATO |
| Título |
Línea B |
| Mención de responsabilidad |
Rosende, Marcelo |
| 505 ## - NOTA DE CONTENIDO CON FORMATO |
| Título |
Cuatro |
| Mención de responsabilidad |
González Pedemonte, Luis María |
| 505 ## - NOTA DE CONTENIDO CON FORMATO |
| Título |
Charly y su fan |
| Mención de responsabilidad |
Ibarra, Mariana |
| 505 ## - NOTA DE CONTENIDO CON FORMATO |
| Título |
Piolines de sueño |
| Mención de responsabilidad |
Jalabert, Sonia |
| 505 ## - NOTA DE CONTENIDO CON FORMATO |
| Título |
Mi traje habano |
| Mención de responsabilidad |
Rueda Avellaneda, Oscar |
| 505 ## - NOTA DE CONTENIDO CON FORMATO |
| Título |
Romance de Santiago |
| Mención de responsabilidad |
Isjaqui Sereno, Silvia |
| 505 ## - NOTA DE CONTENIDO CON FORMATO |
| Título |
Dame una fija |
| Mención de responsabilidad |
Nosdeo, Isabel |
| 505 ## - NOTA DE CONTENIDO CON FORMATO |
| Título |
El indio |
| Mención de responsabilidad |
Ajlin, Jacobo |
| 505 ## - NOTA DE CONTENIDO CON FORMATO |
| Título |
2002 cuentos |
| 505 ## - NOTA DE CONTENIDO CON FORMATO |
| Título |
Oración rante |
| Mención de responsabilidad |
Isjaqui Sereno, Silvia |
| 505 ## - NOTA DE CONTENIDO CON FORMATO |
| Título |
El 77 |
| Mención de responsabilidad |
García Crocco, Javier |
| 505 ## - NOTA DE CONTENIDO CON FORMATO |
| Título |
Los tres pasajes |
| Mención de responsabilidad |
Farías, Leonardo Gabriel |
| 505 ## - NOTA DE CONTENIDO CON FORMATO |
| Título |
Umbrales |
| Mención de responsabilidad |
Eguiño, Alejandra Marina |
| 505 ## - NOTA DE CONTENIDO CON FORMATO |
| Título |
Corona y limón |
| Mención de responsabilidad |
Iván, Marcos |
| 505 ## - NOTA DE CONTENIDO CON FORMATO |
| Título |
Eran seis, en el Tortoni |
| Mención de responsabilidad |
Jalabert, Sonia |
| 505 ## - NOTA DE CONTENIDO CON FORMATO |
| Título |
Milito |
| Mención de responsabilidad |
Montejo de la Luna, María Luisa |
| 650 #4 - PUNTO DE ACCESO ADICIONAL DE MATERIA--TÉRMINO DE MATERIA |
| Término de materia o nombre geográfico como elemento de entrada |
ANTOLOGIAS |
| 650 #4 - PUNTO DE ACCESO ADICIONAL DE MATERIA--TÉRMINO DE MATERIA |
| Término de materia o nombre geográfico como elemento de entrada |
LITERATURA ARGENTINA |
| 650 #4 - PUNTO DE ACCESO ADICIONAL DE MATERIA--TÉRMINO DE MATERIA |
| Término de materia o nombre geográfico como elemento de entrada |
CUENTOS |
| 650 #4 - PUNTO DE ACCESO ADICIONAL DE MATERIA--TÉRMINO DE MATERIA |
| Término de materia o nombre geográfico como elemento de entrada |
POESIA |
| 655 ## - TERMINO DE INDIZACIÓN--GENERO/FORMA |
| Datos o término principal de género/forma |
LITERATURA |
| 710 2# - ENTRADA AGREGADA--NOMBRE DE ENTIDAD CORPORATIVA |
| Nombre de entidad corporativa o nombre de jurisdicción como elemento de entrada |
Unión del Personal Civil de la Nación [Argentina] |
| 942 ## - ELEMENTOS DE ENTRADA SECUNDARIOS (KOHA) |
| Tipo de ítem Koha |
Libros |
| 998 ## - INFORMACIÓN DE CONTROL LOCAL (RLIN) |
| Iniciales del catalogador, CIN (RLIN) |
Nancy |